Dictionnaire des médicaments vétérinaires. (Record no. 24442)

MARC details
000 -LEADER
fixed length control field 00558 a2200229 4500
020 ## - NUMERO INTERNATIONAL NORMALISE DES LIVRES
International Standard Book Number 2-86-326-042-1
100 ## - VEDETTE PRINCIPALE - NOM DE PERSONNE
Personal name PHILIPPON,Nathalie
130 ## - VEDETTE PRINCIPALE - TITRE UNIFORME
Language of a work Fr.
260 ## - PUBLICATION, DISTRIBUTION, ETC. (IMPRINT)
Place of publication, distribution, etc Paris
260 ## - PUBLICATION, DISTRIBUTION, ETC. (IMPRINT)
Name of publisher, distributor, etc Editions du Point Vétérinaire.
245 ## - TITLE STATEMENT
Title Dictionnaire des médicaments vétérinaires.
260 ## - PUBLICATION, DISTRIBUTION, ETC. (IMPRINT)
Date of publication, distribution, etc 1984
250 ## - EDITION STATEMENT
Edition statement 3ème éd.
300 ## - PHYSICAL DESCRIPTION
Extent 975p.
650 ## - SUBJECT ADDED ENTRY--TOPICAL TERM
Topical term or geographic name as entry element OUVRAGE DE REFERENCE
650 ## - SUBJECT ADDED ENTRY--TOPICAL TERM
Topical term or geographic name as entry element MEDICAMENT
650 ## - SUBJECT ADDED ENTRY--TOPICAL TERM
Topical term or geographic name as entry element VETERINAIRE
690 ## - LOCAL SUBJECT ADDED ENTRY--TOPICAL TERM (OCLC, RLIN)
Topical term or geographic name as entry element MEDECINE VETERINAIRE.
700 1# - ADDED ENTRY--PERSONAL NAME
Personal name JOIN-LAMBERT,Anne et Laure
Holdings
Withdrawn status Lost status Damaged status Not for loan Location (home branch) Sublocation or collection (holding branch) Date acquired Koha issues (times borrowed) Koha full call number Koha date last seen Copy number Price effective from Koha item type Public note
        Bibliothèque-Centre de Documentation de la Faculté des Sciences Agronomiques Bibliothèque-Centre de Documentation de la Faculté des Sciences Agronomiques     U.0057 28/02/2009 1 28/02/2009 Livre A.3621


© 2008, Bibliothèques de l'Université d'Abomey-Calavi

04 BP 789 Cotonou, Tél. : +229 21 36 01 01, Fax : +229 21 35 06 32

Courriel : bu@bu.uac.bj